| 000 | 00353nam a22001337a 4500 | ||
|---|---|---|---|
| 082 |
_a582.13 _bPRA _cN-01, P-43 |
||
| 100 |
_aVed Prakash _946811 |
||
| 245 |
_aMy Big Book of Flowers _cVed Prakash |
||
| 260 |
_aIndia _bDreamland Publications |
||
| 300 | _a48 P, : | ||
| 526 |
_a0 _b0 _c0 _d582_130000000000000_PRA |
||
| 650 |
_aMCE _9379 |
||
| 942 |
_2ddc _cBK |
||
| 999 |
_c550072 _d550072 |
||